000 01304cam a2200349 i 4500
001 27612
003 Mx-PuUPA
005 20250207142625.0
008 140415s1998 sp gr 000 0 spa d
017 _aB-4.013/1998
020 _a9786078154159
040 _cMx-PuUPA
_aMx-PuUPA
_bspa
_dMx-PuUPA
_erda
041 1 _aspa
_heng
240 1 0 _aQuantum questions.
_lEspañol
245 0 0 _aCuestiones cuánticas :
_bescritos místicos de los físicos más famosos del mundo /
_cedición a cargo de Ken Wilber ; traducción Pedro de Casso
250 _aQuinta edición /
_bmarzo
264 1 _aBarcelona :
_bEditorial Kairós,
_c1998
300 _a298 páginas ;
_c20 cm
336 _2rdacontent
_atexto
_btxt
337 _2rdamedia
_asin medio
_bn
338 _2rdacarrier
_avolumen
_bnc
490 0 _aColección Nueva Ciencia
500 _a"W. Heisenberg, E. Schrödinger, A. Einstein, sir J. Jeans, M. Planck, W. Pauli, sir A. Eddington". -- Cubierta, portada.
650 7 _2armarc
_aCiencia y religión
_xFilosofía
650 7 _2armarc
_aTeología
_xFísica cuántica
700 1 _aWilber, Ken,
_eeditor
_952
700 1 _aCasso, Pedro de,
_etraductor
765 0 _aWilber, Ken,
_tQuantum questions.
942 _2ddc
_cLI
_h215
_iC65
999 _c27612
_d27612